000
00434nam a2200157Ia 4500
008
090124s9999 xx 000 0 und d
082
_b
24555
_a
2551
245
_a
प्रियदर्शिनी
250
_a
1
260
_c
1984
300
_a
127
630
_a
प्रियदर्शिनी
700
_a
दीक्षित शं. ना.
730
_a
प्रियदर्शिनी
942
_c
BOOK
999
_c
138111
_d
138111